000 00747cam a22002413a 4500
001 10048
003 PGUSA
005 20140828083219.0
008 031101s2003||||xxu|||||s|||||000 1 eng d
040 _aPGUSA
_beng
042 _adc
050 4 _aPZ
100 1 _aWheeler, Janet D.
245 1 0 _aBillie Bradley and Her Inheritance :
_bOr, The Queer Homestead at Cherry Corners
_h[electronic resource] /
_cJanet D. Wheeler
260 _bProject Gutenberg,
_c2003
506 _aPublic domain in the USA.
516 _aElectronic text
653 _aInheritance and succession -- Juvenile fiction
653 _aGirls -- Juvenile fiction
830 0 _aProject Gutenberg
_v10048
856 4 0 _uhttp://www.gutenberg.org/ebooks/10048
942 _cEB
999 _c239303
_d239303